The heliosphere in the local interstellar medium (Record no. 12791)

MARC details
000 -LEADER
fixed length control field 00915nam a2200241Ia 4500
003 - CONTROL NUMBER IDENTIFIER
control field IN-BaIIA
008 - FIXED-LENGTH DATA ELEMENTS--GENERAL INFORMATION
fixed length control field 211028s9999 xx 000 0 eng d
020 ## - INTERNATIONAL STANDARD BOOK NUMBER
International Standard Book Number 0-7923-4820-4
040 ## - CATALOGING SOURCE
Transcribing agency IIA Library
080 ## - UNIVERSAL DECIMAL CLASSIFICATION NUMBER
Universal Decimal Classification number 523.62
Item number THE
111 ## - MAIN ENTRY--MEETING NAME
Meeting name or jurisdiction name as entry element ISSI workshop
Location of meeting Switzerland
Date of meeting or treaty signing 1995 Nov. 6-10
9 (RLIN) 22409
245 #4 - TITLE STATEMENT
Title The heliosphere in the local interstellar medium
Remainder of title proceedings of the first ISSI workshop held in Bern, Switzerland, 6-10 November 1995
Statement of responsibility, etc. edited by R. Von Steiger, R. Lallement and M. A. Lee
260 ## - PUBLICATION, DISTRIBUTION, ETC.
Place of publication, distribution, etc. Dordrecht
Name of publisher, distributor, etc. Kluwer Academic
Date of publication, distribution, etc. 1996
300 ## - PHYSICAL DESCRIPTION
Extent xiv, 398p.
490 ## - SERIES STATEMENT
Series statement Space science series of ISSI; vol.1
650 ## - SUBJECT ADDED ENTRY--TOPICAL TERM
Topical term or geographic name entry element Heliosphere
9 (RLIN) 14687
650 ## - SUBJECT ADDED ENTRY--TOPICAL TERM
Topical term or geographic name entry element Interstellar medium
9 (RLIN) 3375
650 ## - SUBJECT ADDED ENTRY--TOPICAL TERM
Topical term or geographic name entry element Solar activity
9 (RLIN) 1424
700 ## - ADDED ENTRY--PERSONAL NAME
Personal name Lallement, R., ed.
9 (RLIN) 22410
700 ## - ADDED ENTRY--PERSONAL NAME
Personal name Lee, M. A., ed.
9 (RLIN) 22411
700 ## - ADDED ENTRY--PERSONAL NAME
Personal name Von Steiger, R., ed.
9 (RLIN) 22412
942 ## - ADDED ENTRY ELEMENTS (KOHA)
Koha item type Books
Holdings
Withdrawn status Lost status Damaged status Not for loan Home library Current library Shelving location Date acquired Source of acquisition Cost, normal purchase price Total Checkouts Full call number Barcode Date last seen Cost, replacement price Price effective from Koha item type Purchase Price
        IIA Library-Bangalore IIA Library-Bangalore General Stacks 10/12/1998 ALL 6462.50   523.62/ THE 13708 05/11/2021 6462.50 10/12/1998 Books Rs. 6462.50

Powered by Koha